Hydrology & hydraulic systems /

Bibliographic Details
Main Author: Gupta, Ram S.
Format: Book
Language:English
Published: Prospect Heights, Ill. : Waveland Press, 1995.
Subjects:

MARC

Tag First Indicator Second Indicator Subfields
LEADER 00000cam a2200000 a 4500
001 in00001406684
005 20151020072845.0
008 951113t19951989ilua b 001 0 eng d
020 |a 0881338656 
035 |a (OCoLC)33469014 
035 |9 AHQ3637AM 
040 |a RWB  |c RWB  |d TXA  |d UtOrBLW 
049 |a TXAM 
090 |a TC145  |b .G84 1995 
100 1 |a Gupta, Ram S. 
245 1 0 |a Hydrology & hydraulic systems /  |c Ram S. Gupta. 
246 1 |a Hydrology and hydraulic systems 
264 1 |a Prospect Heights, Ill. :  |b Waveland Press,  |c 1995. 
300 |a xii, 739 pages :  |b illustrations ;  |c 25 cm. 
336 |a text  |b txt  |2 rdacontent 
337 |a unmediated  |b n  |2 rdamedia 
338 |a volume  |b nc  |2 rdacarrier 
500 |a Previously published: Englewood Cliffs, N.J. : Prentice Hall, 1989. 
504 |a Includes bibliographical references (pages 698-722) and index. 
650 0 |a Hydraulics. 
650 0 |a Hydrology. 
650 0 |a Water resources development. 
948 |a c:pk 
999 |a MARS 
999 f f |s 2e05c260-2cce-309b-9443-cf2e6ffb8f06  |i c91c00b0-f52b-3de5-9d84-b8b5a357dbab  |t 0 
952 f f |p normal  |a Texas A&M University  |b College Station  |c Sterling C. Evans Library  |d Evans: Library Stacks  |t 0  |e TC145 .G84 1995  |h Library of Congress classification  |i unmediated -- volume  |m A14823590445 
998 f f |a TC145 .G84 1995  |t 0  |l Evans: Library Stacks